Statistics for Super Rugby's winners. (1986 - …)

Click here to take the quiz!

General Stats

  • This quiz has been taken 83 times
    (29 since last reset)
  • The average score is 11 of 13

Answer Stats

TitleWinner% Correct
1987 | 1988 | 1989 | 1990 Auckland
95%
1996 | 1997 | 2003 | 2021 Blues
95%
2012 | 2013 Chiefs
95%
2016 Hurricanes
95%
1986 | 1987 Canterbury
95%
1998 | 1999 | 2000 | 2002 | 2005 |
2006 | 2008 | 2017 | 2018 | 2019 |
2022
Crusaders
95%
1992 | 1994 | 1995 Queensland
91%
2011 Reds
91%
2001 | 2004 Brumbies
86%
2015 Highlanders
86%
2014 Waratahs
73%
2007 | 2009 | 2010 Bulls
73%
1993 Transvaal
41%

Score Distribution

Percentile by Number Answered

Percent of People with Each Score

Your Score History

You have not taken this quiz since the last reset